Musicals by Playbill II Quiz Stats

Quiz Updated Mar 8, 2012

Challenge
Share
Tweet
Score 0/20 Timer 05:00
1 Play Today
Musical % Correct
Mary Poppins
93.6%
The Little Mermaid
92.3%
Mamma Mia!
89.1%
The Sound of Music
83.2%
Rent
78.7%
Monty Python's Spamalot
72.2%
Chicago
67.2%
Seussical
65.5%
Evita
55.1%
Cabaret
50.2%
Musical % Correct
Avenue Q
46.2%
Hello Dolly!
41.2%
The King and I
39.8%
Godspell
39.1%
South Pacific
38.8%
How to Succeed in Business Without Really Trying
34.2%
In the Heights
29.4%
Dirty Rotten Scoundrels
20.9%
The Secret Garden
13.3%
La Cage aux Folles
10.1%

You're not logged in!

Compare scores with friends on all Sporcle quizzes.
Join for Free
OR
Log In

You Might Also Like...

Show Comments

Extras

Top Quizzes Today


Score Distribution

Your Account Isn't Verified!

In order to create a playlist on Sporcle, you need to verify the email address you used during registration. Go to your Sporcle Settings to finish the process.

Report this User

Report this user for behavior that violates our Community Guidelines.

Details: